LIBRARY & INFORMATION CENTRE, KCAET, TAVANUR

ONLINE PUBLIC ACCESS CATALOGUE (OPAC)

Basics of Bioinformatics (Record no. 14414)

MARC details
000 -LEADER
fixed length control field 00283nam a22001217a 4500
020 ## - INTERNATIONAL STANDARD BOOK NUMBER
ISBN 9789350301067
082 ## - DEWEY DECIMAL CLASSIFICATION NUMBER
Classification number 574.0285
Item number NAR/BA
100 ## - MAIN ENTRY--AUTHOR NAME
Personal name Narayan,Dubey
245 ## - TITLE STATEMENT
Title Basics of Bioinformatics
260 ## - PUBLICATION, DISTRIBUTION, ETC. (IMPRINT)
Place of publication Jaipur
Name of publisher Oxford Book Company
Year of publication 2012
300 ## - PHYSICAL DESCRIPTION
Number of Pages 260
942 ## - ADDED ENTRY ELEMENTS (KOHA)
Koha item type Books
Holdings
Withdrawn status Lost status Damaged status Collection code Home library Current library Shelving location Date acquired Source of acquisition Cost, normal purchase price Full call number Accession Number Koha item type
        KAUAET KAUAET General Stacks 29/06/2016 Ajith Book Stall, Cochin 1895.00 574.0285 NAR/BA 23810 Books
free website counter